[Event "Blumenau U2400 op"]
[Site "Blumenau"]
[Date "2024.09.01"]
[Round "6"]
[White "Pinto, Yasmin Zaika De So"]
[Black "Delgado, Angelys"]
[Result "1-0"]
[WhiteElo "1547"]
[BlackElo "1755"]
[PlyCount "73"]
[EventDate "2024.08.30"]
[EventType "swiss"]
[EventRounds "6"]
[EventCountry "BRA"]
[SourceTitle "EXT 2025"]
[Source "ChessBase"]
[SourceDate "2024.10.14"]
[SourceVersion "1"]
[SourceVersionDate "2024.10.14"]
[SourceQuality "1"]

1. d4 Nc6 2. Nf3 Nf6 3. e3 g6 4. Be2 Bg7 5. b3 d6 6. Bb2 e5 7. dxe5 dxe5 8. Qxd8+ Kxd8 9. Nxe5 Be6 10. Nxc6+ bxc6 11. 0-0 Ke8 12. Nd2 Bf5 13. Bd3 Rd8 14. Bxf5 Rxd2 15. Bd3 Ke7 16. Bc3 Rxd3 17. cxd3 Rd8 18. Bxf6+ Bxf6 19. Rad1 c5 20. Rfe1 a5 21. d4 Rd5 22. dxc5 Rxc5 23. Rc1 Bc3 24. Red1 Ke6 25. Rd3 Bb4 26. Rxc5 Bxc5 27. Rc3 Bb6 28. Kf1 Ke5 29. Ke2 f5 30. Rd3 h5 31. h4 c5 32. Rd7 Kf6 33. Rd6+ Ke5 34. Rxb6 a4 35. bxa4 c4 36. Rc6 Kd5 37. Rc8 1-0

[Event "Pan American-ch Hybrid U12 Girls 31st"]
[Site "Tornelo INT"]
[Date "2021.09.04"]
[Round "2"]
[White "Pinto, Yasmin Zaika De So"]
[Black "Salazar Salinas, Maria Jose"]
[Result "1/2-1/2"]
[WhiteElo "1218"]
[BlackElo "1011"]
[PlyCount "68"]
[EventDate "2021.09.04"]
[EventType "swiss"]
[EventRounds "9"]
[EventCountry "NET"]
[SourceTitle "EXT 2023"]
[Source "ChessBase"]
[SourceDate "2022.10.05"]
[SourceVersion "1"]
[SourceVersionDate "2022.10.05"]
[SourceQuality "1"]

1. e4 c5 2. Nf3 e6 3. d4 cxd4 4. Nxd4 a6 5. Bd3 Qc7 6. 0-0 Nf6 7. Nc3 Bb4 8. Bd2 Nc6 9. Nxc6 dxc6 10. a3 Bd6 11. f4 e5 12. f5 Bc5+ 13. Kh1 Bd4 14. Qf3 h6 15. Rab1 c5 16. Bc4 b5 17. Bd5 Bb7 18. Bxb7 Qxb7 19. Rfe1 Rc8 20. Ne2 0-0 21. c3 Qa8 22. Ng3 Rc6 23. cxd4 cxd4 24. Rbc1 Rfc8 25. Qd1 Rc4 26. b3 R4c5 27. Rxc5 Rxc5 28. Bb4 Rc6 29. Be7 Qe8 30. Bxf6 Rxf6 31. Nh5 Rc6 32. Qg4 Qf8 33. f6 g6 34. Ng3 Rxf6 1/2-1/2

[Event "Pan American-ch Hybrid U12 Girls 31st"]
[Site "Tornelo INT"]
[Date "2021.09.04"]
[Round "5"]
[White "Ramazzotte, Esther Zilli"]
[Black "Pinto, Yasmin Zaika De So"]
[Result "1-0"]
[WhiteElo "1277"]
[BlackElo "1218"]
[PlyCount "89"]
[EventDate "2021.09.04"]
[EventType "swiss"]
[EventRounds "9"]
[EventCountry "NET"]
[SourceTitle "EXT 2023"]
[Source "ChessBase"]
[SourceDate "2022.10.05"]
[SourceVersion "1"]
[SourceVersionDate "2022.10.05"]
[SourceQuality "1"]

1. d4 Nf6 2. c4 g6 3. Bg5 Bg7 4. Nc3 0-0 5. Nf3 d6 6. e4 Nbd7 7. Be2 c6 8. 0-0 h6 9. Be3 e5 10. dxe5 dxe5 11. h3 Nh5 12. Qd2 Nf4 13. Bxf4 exf4 14. Qxf4 Qf6 15. Qxf6 Bxf6 16. Rac1 Re8 17. Bd3 Nc5 18. Bb1 Bxc3 19. Rxc3 Nxe4 20. Re3 Nd6 21. Rxe8+ Nxe8 22. Re1 Be6 23. b3 Rd8 24. Bxg6 fxg6 25. Rxe6 Kf7 26. Re1 Kf6 27. Kf1 Ng7 28. Ke2 Nf5 29. Rd1 Rxd1 30. Kxd1 c5 31. Kd2 Nd4 32. Nxd4 cxd4 33. Kd3 Ke5 34. b4 b6 35. a4 g5 36. g4 Kf4 37. Kxd4 Kf3 38. c5 bxc5+ 39. bxc5 Kxf2 40. c6 Kg3 41. c7 Kxh3 42. c8Q a5 43. Qf5 h5 44. gxh5+ g4 45. Qf1+ 1-0

[Event "Rio Negrinho Froebel op"]
[Site "Rio Negrinho"]
[Date "2021.07.09"]
[Round "2"]
[White "Liebl, Livia"]
[Black "Pinto, Yasmin Zaika De So"]
[Result "1-0"]
[WhiteElo "1516"]
[BlackElo "1209"]
[PlyCount "87"]
[EventDate "2021.07.09"]
[EventType "swiss"]
[EventRounds "6"]
[EventCountry "BRA"]
[SourceTitle "EXT 2022"]
[Source "ChessBase"]
[SourceDate "2021.10.06"]
[SourceVersion "1"]
[SourceVersionDate "2021.10.06"]
[SourceQuality "1"]

1. d4 Nf6 2. e3 g6 3. f4 Bg7 4. Bd3 0-0 5. Nf3 d6 6. 0-0 Nbd7 7. f5 d5 8. c3 c5 9. Nbd2 c4 10. Bc2 Ng4 11. Qe2 Qc7 12. h3 Ngf6 13. fxg6 hxg6 14. e4 dxe4 15. Nxe4 Nxe4 16. Qxe4 Nf6 17. Qh4 Nh5 18. Re1 Qg3 19. Qxg3 Nxg3 20. Rxe7 Bf6 21. Re1 Bf5 22. Bxf5 Nxf5 23. Bf4 Rfe8 24. Kf2 Kf8 25. g4 Nh4 26. g5 Nxf3 27. Kxf3 Bg7 28. Rad1 Rxe1 29. Rxe1 Re8 30. Rxe8+ Kxe8 31. Ke4 b5 32. Kd5 Kd7 33. Kc5 a6 34. Kb6 Bf8 35. Kxa6 b4 36. Kb5 bxc3 37. bxc3 Ba3 38. Kxc4 Be7 39. Kd5 f6 40. h4 fxg5 41. hxg5 Ba3 42. c4 Bb2 43. c5 Kd8 44. Kc4 1-0

[Event "BRA-ch U16 Girls"]
[Site "Florianopolis"]
[Date "2021.07.03"]
[Round "4"]
[White "Bittencourt, Alica E Decezare"]
[Black "Pinto, Yasmin Zaika De So"]
[Result "0-1"]
[WhiteElo "1281"]
[BlackElo "1209"]
[PlyCount "122"]
[EventDate "2021.07.01"]
[EventType "swiss"]
[EventRounds "6"]
[EventCountry "BRA"]
[SourceTitle "CBM 203 Extra"]
[Source "ChessBase"]
[SourceDate "2021.09.30"]
[SourceVersion "1"]
[SourceVersionDate "2021.09.30"]
[SourceQuality "1"]

1. e4 Nf6 2. Nc3 d5 3. e5 d4 4. exf6 dxc3 5. bxc3 exf6 6. Nf3 Be7 7. Bc4 0-0 8. 0-0 Nc6 9. d4 Bg4 10. h3 Bh5 11. Rb1 Bd6 12. Bd3 Rb8 13. Bxh7+ Kxh7 14. Ng5+ fxg5 15. Qxh5+ Kg8 16. Bxg5 Be7 17. Bf4 Re8 18. Qg4 Bf6 19. Rb5 Ne7 20. Rc5 Rc8 21. Rb1 b6 22. Rh5 g6 23. Rbb5 c6 24. Rb3 Nd5 25. Bg3 Bg7 26. Be5 Nf6 27. Bxf6 Qxf6 28. Re5 Rcd8 29. Re3 Bh6 30. Re2 Qg5 31. Rxe8+ Rxe8 32. Qd1 Qc1 33. Rb1 Qxd1+ 34. Rxd1 Re2 35. d5 cxd5 36. Rxd5 Rxc2 37. Rd8+ Kg7 38. Rc8 Rxa2 39. Rc6 Ra1+ 40. Kh2 Bf4+ 41. g3 Be5 42. Rc4 Rc1 43. Re4 Bxc3 44. Re2 a5 45. Kg2 b5 46. Ra2 Ra1 47. Rc2 Bf6 48. Rc5 b4 49. Kf3 b3 50. Rb5 b2 51. Ke3 b1Q 52. Rxb1 Rxb1 53. Kd2 a4 54. Ke3 a3 55. Kf3 a2 56. Kg2 a1Q 57. h4 Rg1+ 58. Kh3 Rh1+ 59. Kg2 Qg1+ 60. Kf3 Rh2 61. Ke4 Rxf2 0-1

[Event "BRA-ch U16 Girls"]
[Site "Florianopolis"]
[Date "2021.07.03"]
[Round "5"]
[White "Pinto, Yasmin Zaika De So"]
[Black "Feller, Isadora Cristina Vi"]
[Result "1-0"]
[WhiteElo "1209"]
[BlackElo "1246"]
[PlyCount "107"]
[EventDate "2021.07.01"]
[EventType "swiss"]
[EventRounds "6"]
[EventCountry "BRA"]
[SourceTitle "CBM 203 Extra"]
[Source "ChessBase"]
[SourceDate "2021.09.30"]
[SourceVersion "1"]
[SourceVersionDate "2021.09.30"]
[SourceQuality "1"]

1. e4 e5 2. Nf3 Nc6 3. Bb5 d6 4. d4 a6 5. Bxc6+ bxc6 6. dxe5 Bg4 7. Nc3 Bxf3 8. Qxf3 dxe5 9. 0-0 Nf6 10. Bg5 Be7 11. Rad1 Qc8 12. Ne2 Qe6 13. b3 0-0 14. Ng3 Rad8 15. Qf5 Rd6 16. Qxe6 Rxe6 17. Nf5 Bd8 18. Bxf6 Bxf6 19. Rd7 Bd8 20. Rfd1 Ree8 21. Ne3 c5 22. R1d5 Bg5 23. Nc4 c6 24. R5d6 Re6 25. Rxe6 fxe6 26. Nxe5 Rc8 27. Kf1 Bf4 28. Nd3 Rf8 29. g3 Be3 30. Ke2 Bd4 31. Rd6 e5 32. Rxc6 Ra8 33. Nxc5 a5 34. c4 Kf8 35. Ne6+ Kf7 36. Nxd4 exd4 37. Rd6 a4 38. b4 Ke7 39. Rxd4 a3 40. c5 Rc8 41. Kd3 g5 42. Kc4 h6 43. b5 h5 44. c6 h4 45. g4 h3 46. Kc5 Rf8 47. Rd2 Rf4 48. c7 Rf8 49. b6 Rc8 50. Kc6 Re8 51. b7 Kf6 52. c8Q Rxc8+ 53. bxc8Q Ke5 54. Qf5# 1-0

[Event "BRA-ch U16 Girls"]
[Site "Florianopolis"]
[Date "2021.07.02"]
[Round "3"]
[White "Pinto, Yasmin Zaika De So"]
[Black "Rodrigues Mota, Sophia Lorena"]
[Result "0-1"]
[WhiteElo "1209"]
[BlackElo "1357"]
[PlyCount "74"]
[EventDate "2021.07.01"]
[EventType "swiss"]
[EventRounds "6"]
[EventCountry "BRA"]
[SourceTitle "CBM 203 Extra"]
[Source "ChessBase"]
[SourceDate "2021.09.30"]
[SourceVersion "1"]
[SourceVersionDate "2021.09.30"]
[SourceQuality "1"]

1. e4 c5 2. Nf3 d6 3. d4 cxd4 4. Nxd4 Nf6 5. Nc3 a6 6. f3 Nbd7 7. Be3 Qc7 8. Qd2 b5 9. a3 Bb7 10. g4 Nb6 11. h4 Nc4 12. Bxc4 Qxc4 13. g5 Nd7 14. 0-0-0 Rc8 15. Kb1 Qc7 16. h5 Ne5 17. Qf2 Nc4 18. f4 Nxa3+ 19. Ka1 b4 20. Na2 Nxc2+ 21. Qxc2 Qxc2 22. Nxc2 Rxc2 23. Nxb4 Rc4 24. Rd4 Rxd4 25. Bxd4 Bxe4 26. Re1 Bb7 27. f5 Kd7 28. Rf1 f6 29. gxf6 gxf6 30. Rg1 Bh6 31. Rg3 Be4 32. Rc3 a5 33. Na6 Rc8 34. Bb6 Rxc3 35. bxc3 a4 36. Nb4 Bxf5 37. Kb2 Bg4 0-1

[Event "Timbo op"]
[Site "Timbo"]
[Date "2021.06.13"]
[Round "6"]
[White "Hornburg, Gustavo Arthur"]
[Black "Pinto, Yasmin Zaika De So"]
[Result "0-1"]
[WhiteElo "1398"]
[BlackElo "1157"]
[PlyCount "166"]
[EventDate "2021.06.11"]
[EventType "swiss"]
[EventRounds "6"]
[EventCountry "BRA"]
[SourceTitle "EXT 2022"]
[Source "ChessBase"]
[SourceDate "2021.10.06"]
[SourceVersion "1"]
[SourceVersionDate "2021.10.06"]
[SourceQuality "1"]

1. c4 Nf6 2. d4 g6 3. Nc3 Bg7 4. Nf3 0-0 5. Bf4 d6 6. e3 Nbd7 7. Be2 Qe8 8. 0-0 e5 9. Bg3 Nh5 10. h3 Nxg3 11. fxg3 f5 12. Nd5 Qd8 13. Qb3 e4 14. Nd2 c6 15. Nf4 Nf6 16. c5+ d5 17. Rf2 g5 18. Nh5 Nxh5 19. Bxh5 Qc7 20. Nf1 Kh8 21. Be2 Bh6 22. Re1 Rf7 23. Bh5 Rg7 24. Qd1 Be6 25. Qe2 Rf8 26. Rb1 Qe7 27. Nh2 f4 28. g4 Rfg8 29. Rbf1 b6 30. b4 Rb8 31. cxb6 Rxb6 32. a3 Bc8 33. Ra1 Ba6 34. Qd2 Bc4 35. Qc1 Rb8 36. Nf1 Rf8 37. Qc3 f3 38. g3 Bxf1 39. Raxf1 Qd6 40. Kh2 Rc8 41. Rc1 Rb7 42. Rfc2 Rbc7 43. Qc5 Qxc5 44. Rxc5 Bf8 45. R5c2 Bd6 46. Rb1 Rb7 47. Rcb2 a6 48. a4 Kg7 49. b5 Rcb8 50. Rc2 Rc8 51. Rbc1 axb5 52. Rxc6 Rxc6 53. Rxc6 Bb8 54. axb5 Rxb5 55. Rc2 Rb3 56. Be8 Rxe3 57. Bb5 f2 58. Kg2 Bxg3 59. Be2 Bh4 60. Rc7+ Kf6 61. Rc6+ Ke7 62. Rc2 Rg3+ 63. Kh2 Re3 64. Kg2 Rg3+ 65. Kh2 Rb3 66. Rc1 Rb4 67. Rd1 e3 68. Kg2 Rb2 69. Kf1 Rd2 70. Rxd2 exd2 71. Kg2 Kd6 72. Kf1 Kc6 73. Kg2 Kb6 74. Kf1 Ka5 75. Bd1 Kb4 76. Bf3 Kc3 77. Bd1 Kd3 78. Ba4 Kxd4 79. Ke2 Kc3 80. Bd1 d4 81. Ba4 d3+ 82. Kf1 Kb2 83. Bd1 Kc1 0-1

[Event "Timbo op"]
[Site "Timbo"]
[Date "2021.06.12"]
[Round "4"]
[White "Da Luz, Fabio Rodolfo"]
[Black "Pinto, Yasmin Zaika De So"]
[Result "0-1"]
[WhiteElo "1417"]
[BlackElo "1157"]
[PlyCount "100"]
[EventDate "2021.06.11"]
[EventType "swiss"]
[EventRounds "6"]
[EventCountry "BRA"]
[SourceTitle "EXT 2022"]
[Source "ChessBase"]
[SourceDate "2021.10.06"]
[SourceVersion "1"]
[SourceVersionDate "2021.10.06"]
[SourceQuality "1"]

1. e4 Nf6 2. Nc3 d5 3. exd5 Nxd5 4. Nxd5 Qxd5 5. Nf3 g6 6. d4 Bg7 7. Be3 0-0 8. c4 Qd8 9. Be2 Nc6 10. 0-0 Bg4 11. Rc1 Bxf3 12. Bxf3 Nxd4 13. Bxd4 Bxd4 14. b3 c6 15. Rc2 e5 16. Rd2 f5 17. Re1 Qf6 18. g3 Rad8 19. Kg2 Bc3 20. Ree2 Rxd2 21. Rxd2 Bxd2 22. Qxd2 Rd8 23. Qb4 Rd7 24. Qa3 b6 25. c5 b5 26. Qa6 e4 27. Be2 Rd2 28. Bxb5 Qd4 29. Bc4+ Kg7 30. Be2 Qxc5 31. h3 Qc2 32. Qxa7+ Kh6 33. Qe3+ Kg7 34. Qa7+ Kf6 35. Bc4 Qxa2 36. Qf7+ Ke5 37. Qe6+ Kd4 38. Qf6+ Kc5 39. Qe5+ Kb4 40. Qf4 Qb2 41. Qe3 Qc3 42. Qb6+ Ka3 43. Qa6+ Kb2 44. Be2 Qc2 45. Kf1 Qc1+ 46. Kg2 Qe1 47. Qxc6 Qxe2 48. Qf6+ Kb1 49. Qb6 Qf3+ 50. Kf1 Rd1# 0-1

[Event "Siqueira Campos Super 8"]
[Site "Chess.com INT"]
[Date "2020.12.06"]
[Round "5"]
[White "Buiar, Maria Eduarda Beral"]
[Black "Pinto, Yasmin Zaika De So"]
[Result "1-0"]
[WhiteElo "1335"]
[BlackElo "1078"]
[PlyCount "49"]
[EventDate "2020.11.30"]
[EventType "tourn"]
[EventRounds "14"]
[EventCountry "BRA"]
[SourceTitle "EXT 2022"]
[Source "ChessBase"]
[SourceDate "2021.10.06"]
[SourceVersion "1"]
[SourceVersionDate "2021.10.06"]
[SourceQuality "1"]

1. f4 Nf6 2. g3 g6 3. Bg2 Bg7 4. Nf3 0-0 5. d3 d5 6. 0-0 Nc6 7. c3 Re8 8. Ne5 Nxe5 9. fxe5 Ng4 10. d4 e6 11. e4 Nh6 12. Be3 Kh8 13. Bxh6 Bxh6 14. Rxf7 Rf8 15. Rxf8+ Bxf8 16. Nd2 Bg7 17. Qg4 c6 18. Rf1 Kg8 19. Nf3 Qe7 20. Ng5 h6 21. Nf7 g5 22. Qh5 Kh7 23. Nxh6 Bd7 24. Nf5+ Kg8 25. Nxe7# 1-0